Ameryka Południowa - mapa fizyczna - Statystyki

Ogólne statystyki
  • Ten quiz został rozwiązany 903 razy
    900 od ostatniego zresetowania
  • Średni wynik to 6 z 23
Odpowiedzi na mapie
Odpowiedzi zakodowano w zielono-czerwonej skali na mapie do tego quizu, zgodnie z poniższymi procentami.
 
Statystyki odpowiedzi
Odpowiedź % Poprawnych
Falklandy
50%
Nizina Amazonki
50%
Wyspy Galapagos
45%
Wyżyna Brazylijska
40%
Nizina La Platy
38%
Wyspa Wielkanocna
31%
Jezioro Ticitaca
30%
Ziemia Ognista
30%
Przylądek Horn
29%
Jezioro Maracaibo
28%
Nizina Orinoko
27%
Cieśnina Magellana
26%
Wyżyna Patagońska
26%
Zatoka Panamska
26%
Pustynia Atakama
25%
Cieśnina Drake'a
24%
Przylądek Branco
22%
Jezioro Poopo
21%
Przylądek Gallinas
20%
Andy
19%
Zatoka San Jorge
18%
Przylądek Parinas
15%
Zatoka La Plata
5%
Nie znaleziono quizów pasujących do podanych kryteriów
Rozkład punktacji
Procent ludzi z każdym wynikiem
Percentyl według liczby udzielonych odpowiedzi
Twoja historia wyników
Nie rozwiązałeś tego quizu od ostatniego zresetowania